that '70s show characters - Statistics

General Stats
  • This quiz has been taken 99 times
  • The average score is 11 of 15
Answer Stats
actual name stage name % Correct
laura prepon donna
100%
topher grace eric
99%
mila kunis jackie
98%
wilmar valderrama fez
97%
kurtwood smith red
97%
debra jo rupp kitty
95%
ashton kutcher michael
94%
danny masterson steven
92%
don stark bob
85%
tanya roberts midge
70%
tommy chong leo
69%
lisa robin kelly laurie
68%
josh meyers randy
45%
tim reid william
18%
mo gaffney joanne
15%
No matching quizzes found
Score Distribution
Percent of People with Each Score
Percentile by Number Answered
Your Score History
You have not taken this quiz